Optimalizácia technologického procesu pretlačovania profilov zo zliatin AlMgSi 0,5 resp. AlMgSi 0,7 v Alufinal a.s. : Diplomová práca

Guardado en:
Detalles Bibliográficos
Autores principales: Bílik, Jozef, 1961- (xxx), Daniš, Anton (Autor)
Formato: Manuscrito Libro
Lenguaje:eslovaco
Publicado: Trnava : STU v Bratislave MtF KTv, 1998
Materias:
Etiquetas: Agregar Etiqueta
Sin Etiquetas, Sea el primero en etiquetar este registro!

MARC

LEADER 00000ntm a22000003a 4500
001 stu106849
005 20160719155420.3
008 060206s1998----xo------------------slo-d
040 |a STU  |b slo 
041 0 |a slo 
044 |a xo 
100 1 |a Bílik, Jozef,  |d 1961-  |4 xxx  |u M3000  |U MTF Materiálovotechnologická fakulta  |T MTF Ústav výrobných technológií  |X 1547  |U M3000  |Y 83  |7 A000001547 
245 1 |a Optimalizácia technologického procesu pretlačovania profilov zo zliatin AlMgSi 0,5 resp. AlMgSi 0,7 v Alufinal a.s. :  |b Diplomová práca 
260 |a Trnava :  |b STU v Bratislave MtF KTv,  |c 1998 
300 |a 75 s 
650 7 |a tvárnenie  |2 stusub 
650 7 |a technológie strojárskej výroby  |2 stusub 
700 1 |a Daniš, Anton  |4 aut 
996 |b 284M064219  |c M*DP-3590  |l MMSKP  |s P  |a 0  |w stu106849_0001